| 000 | 00449nam a2200193Ia 4500 | ||
|---|---|---|---|
| 008 | 210210b1931 xxu||||| |||| 00| 0 eng d | ||
| 041 | _aeng | ||
| 082 | _a511/34 | ||
| 100 | _aCOOLIDGE (J L) | ||
| 245 | _aTreatise on algebraic plane curves | ||
| 260 |
_aOxford _bAt the Clarendon Press _c1931 |
||
| 650 | _aTreatise | ||
| 650 | _aplane | ||
| 650 | _aon | ||
| 650 | _acurves | ||
| 650 | _aalgebraic | ||
| 690 | _aAlgebra | ||
| 906 | _a007109 | ||
| 999 |
_c139419 _d139419 |
||